MARC

LEADER 00000nam0a2200000 4500
001 369737
005 20231102012219.0
035 |a (RuTPU)RU\TPU\retro\27144 
090 |a 369737 
100 |a 20220601d1980 km y0rusy50 ca 
101 0 |a rus 
102 |a RU 
105 |a a z 001zy 
200 1 |a Рекомендации по изучению морфологии поверхности трещин в скальных породах в полевых и лабораторных условиях  |f Всесоюзный научно-исследовательский институт гидротехники им. Б. Е. Веденеева 
210 |a Ленинград  |c [Б. и.]  |d 1980 
215 |a 86 с.  |c ил. 
606 1 |a Горные породы, скальные  |x Трещиноватость  |2 stltpush  |3 (RuTPU)RU\TPU\subj\8168  |9 35644 
610 1 |a трещины 
610 1 |a поверхности 
610 1 |a морфология 
610 1 |a изучение 
610 1 |a полевые условия 
610 1 |a лабораторные условия 
610 1 |a рекомендации 
675 |a 624.12  |v 4 
712 0 2 |a Всесоюзный научно-исследовательский институт гидротехники им. Б. Е. Веденеева  |2 stltpush  |3 (RuTPU)RU\TPU\col\11485  |9 25125 
801 1 |a RU  |b 63413507  |c 20220601 
942 |c BK